Lada Car Models Worldwide 2024-25 - Statistics

General Stats
  • This quiz has been taken 117 times
    31 since last reset
  • The average score is 10 of 19
Answer Stats
Hint Answer % Correct
Compact Off-Road SUV Niva Legend
96%
Compact Off-Road SUV Nival Travel
96%
Compact Sedan Vesta
65%
Compact Cross Sedan Vesta Cross
65%
Compact Sport Sedan Vesta Sport
65%
Compact Wagon Vesta SW
65%
Compact Cross Wagon Vesta SW Cross
65%
Subcompact Sedan Granta
62%
Subcompact Hatchback Granta Cross
62%
Subcompact Hatchback Granta Hatchback
62%
Subcompact Liftback Granta Liftback
62%
Subcompact Wagon Granta SW
62%
Compact Crossover XRAY
35%
Compact Crossover XRAY Cross
35%
Compact Sport Crossover XRAY Sport
35%
Subcompact MPV Largus
31%
Subcompact MPV Largus Cross
31%
Compact Sedan Aura
27%
Subcompact Sedan Iskra
23%
No matching quizzes found
Score Distribution
Percent of People with Each Score
Percentile by Number Answered
Your Score History
You have not taken this quiz since the last reset